000 00510nam a22001697a 4500
005 20231107073459.0
008 231107b |||||||| |||| 00| 0 eng d
041 _aEnglish
082 _a346.43 WIL
100 _aWille, G
_lEnglish
245 _aLandlord and Tenant in South Africa /
_cG Wille
250 _aFifth Edition
260 _aCape Town :
_bJuta and Company Ltd,
_c1956
300 _bxxii, 304 pages ;
_c23 cm.
650 _aLegal practice
_bLaw
942 _cBK
_6ALISON_BN_VRIES
999 _c347
_d347